Working guide to reservoir rock properties and fluid flow / (Record no. 49)

000 -LEADER
fixed length control field 00590nam a22002057a 4500
001 - CONTROL NUMBER
control field 49
003 - CONTROL NUMBER IDENTIFIER
control field BD-DhUET
008 - FIXED-LENGTH DATA ELEMENTS--GENERAL INFORMATION
fixed length control field 120413s2010 enka b 001 0 eng
020 ## - INTERNATIONAL STANDARD BOOK NUMBER
International Standard Book Number 9781856178259
040 ## - CATALOGING SOURCE
Original cataloging agency UKM
Transcribing agency UKM
Modifying agency BD-DhUET
082 ## - DEWEY DECIMAL CLASSIFICATION NUMBER
Item number AHM/2010
Classification number 553.282
100 1# - MAIN ENTRY--PERSONAL NAME
Personal name Ahmed, Tarek H.,
245 10 - TITLE STATEMENT
Title Working guide to reservoir rock properties and fluid flow /
Statement of responsibility, etc. by Tarek Ahmed.
250 ## - EDITION STATEMENT
Edition statement Ist ed.
260 ## - PUBLICATION, DISTRIBUTION, ETC. (IMPRINT)
Place of publication, distribution, etc. Amsterdam :
Name of publisher, distributor, etc. Elsevier,
Date of publication, distribution, etc. 2010.
300 ## - PHYSICAL DESCRIPTION
Extent vii, 253 p. :
Other physical details ill. ;
Dimensions 23 cm.
504 ## - BIBLIOGRAPHY, ETC. NOTE
Bibliography, etc Includes bibliographies.
650 #0 - SUBJECT ADDED ENTRY--TOPICAL TERM
Topical term or geographic name as entry element Petroleum reserves-Fluid dynamics
942 ## - ADDED ENTRY ELEMENTS (KOHA)
Koha item type General Book
Holdings
Price effective from Shelving location Sublocation or collection (holding branch) Koha full call number Withdrawn status Koha date last borrowed Lost status Date acquired Copy number Piece designation (barcode) Koha normalized classification for sorting Location (home branch) Source of classification or shelving scheme Not for loan Koha date last seen Koha issues (times borrowed) Koha item type Damaged status
2014-07-14Circulation sectionCentral Library, BUET553.282/TAR/2010 2023-10-08 2014-07-141108745553_000000000000000_282TAR2010Central Library, BUET  2023-10-143General Book